| 000 | 00000nam 2200000za 4500 |
| 001 | 9.560579 |
| 003 | CaOODSP |
| 005 | 20240527135425 |
| 007 | cr ||||||||||| |
| 008 | 150406s2006||||xxc|||||o f|0| 0 eng d |
| 020 | |a0-662-43320-3 |
| 040 | |aCaOODSP|beng |
| 043 | |an-cn--- |
| 086 | 1 |aCW69-14/505-2006E-PDF |
| 110 | 2 |aCanadian Wildlife Service. |
| 245 | 10|aCOSEWIC assessment and status report on the Western Painted Turtle, Chrysemys picta bellii, Pacific Coast population, Intermountain - Rocky Mountain population, Prairie/Western Boreal - Canadian Shield population, in Canada |h[electronic resource] / |cCommittee on the Status of Endangered Wildlife in Canada. |
| 260 | |bEnvironment Canada. |c2006. |
| 300 | |a47p.|bmaps (some coloured), references, tables, photographs |
| 500 | |a"Pacific Coast population - endangered, Intermountain-Rocky Mountain population - special concern, Prairie/Western Boreal-Canadian Shield population - not at risk, 2006". |
| 500 | |aAlso available in French under title: Évaluation et rapport de situation du COSEPAC sur la Tortue peinte de l'Ouest (Chrysemys picta bellii) (population de la côte du Pacifique, population intramontagnarde - des Rocheuses et la population des Prairies/Boréale de l’Ouest – Bouclier canadien) au Canada. |
| 504 | |aBibliography. |
| 590 | |a07-05|b2007-02-02 |
| 690 | 07|aEndangered species|2gcpds |
| 690 | 07|aReptiles|2gcpds |
| 775 | 08|tÉvaluation et rapport de situation du COSEPAC sur la Tortue peinte de l'Ouest, Chrysemys picta bellii, population de la côte du Pacifique, population intramontagnarde - des Rocheuses, population des Prairies / Boréale de l'Ouest - Bouclier canadien, au Canada |w(CaOODSP)9.593246 |
| 794 | |tCOSEWIC assessment and status report on the Western Painted Turtle, Chrysemys picta bellii, Pacific Coast population, Intermountain – Rocky Mountain population, Prairie/Western Boreal – Canadian Shield population, in Canada |w(CaOODSP)9.833135 |
| 856 | 40|ahttp://publications.gc.ca|qPDF|s740 KB|uhttps://publications.gc.ca/collections/Collection/CW69-14-505-2006E.pdf |